Normal view MARC view
  • Saleem, Ahmed

Entry Personal Name

Number of records used in: 7

001 - CONTROL NUMBER

  • control field: 14580

003 - CONTROL NUMBER IDENTIFIER

  • control field: NUST

005 - DATE AND TIME OF LATEST TRANSACTION

  • control field: 20190529044827.0

008 - FIXED-LENGTH DATA ELEMENTS

  • fixed length control field: 190529|| aca||aabn | a|a d

040 ## - CATALOGING SOURCE

  • Original cataloging agency: NUST
  • Transcribing agency: NUST

100 ## - HEADING--PERSONAL NAME

  • Personal name: Saleem, Ahmed

670 ## - SOURCE DATA FOUND

  • Source citation: Work cat.: (NUST): Saleem, Ahmed, Sawan-e-Umari Hameed Akhtar /, 2010.
© 2023 Central Library, National University of Sciences and Technology. All Rights Reserved.